| 000 | 00398pab a2200145 454500 | ||
|---|---|---|---|
| 008 | 180718b xxu||||| |||| 00| 0 eng d | ||
| 100 | _aBhatia, S.C. | ||
| 245 | _aReforms in higher education: the case of undergraduate education | ||
| 650 | _a Reform | ||
| 650 | _a Undergraduate | ||
| 650 | _a Higher Education | ||
| 650 | _aEducation, Higher - India | ||
| 773 | _aUniversity News | ||
| 909 | _a23646 | ||
| 999 |
_c23646 _d23646 |
||